|
|
|
|
| LEADER |
00000cam a2200000 7i4500 |
| 001 |
0000018633 |
| 005 |
20070212.0 |
| 020 |
|
|
|a 0672326906
|
| 040 |
|
|
|a INS
|
| 090 |
0 |
0 |
|a TK5105.888
|b G73 2005
|
| 100 |
0 |
|
|a Gralla, Preston
|
| 245 |
0 |
0 |
|a Creating web pages :
|b all in one
|c Preston Gralla, Matt Brown
|
| 260 |
|
|
|a Indiana,USA :
|b SAMS Pub ,
|c 2005
|
| 300 |
|
|
|a iv, 664 p. ;
|c 23 cm.
|
| 500 |
|
|
|a Includes index
|
| 650 |
0 |
0 |
|a Web site development
|x Amateur' manuals
|
| 650 |
0 |
0 |
|a Web sites
|x Design
|x Amateur' manuals
|
| 700 |
0 |
|
|a Brown, Matt
|
| 999 |
|
|
|a 0000018034
|b BOOK
|c Open Shelf
|e Default branch
|
| 999 |
|
|
|a 0000018294
|b BOOK
|c Open Shelf
|e Default branch
|